Текст томруулах:    
Нийгмийн сэтгэл судлал (Бичлэгийн дугаар. 147101)
000 -УДИРДЛАГА
Удирдлага 03474nam a22004577a 4500
003 - ХЯНАЛТЫН ТОО ТОДОРХОЙЛОГЧ
Код MN-UlNUM
005 - БИЧИЛТ ХИЙСЭН ОГНОО
Тухайн бичилтийг бичсэн засварласан сүүлийн огноо 20260430122113.0
008 - ЕРӨНХИЙ МЭДЭЭЛЭЛ
Ерөнхий мэдээлэл 260415s2025 mp jo||| |||| 00| | mon d
020 ## - ISBN
ISBN 978-9919-9040-7-4
040 ## - БИЧЛЭГ ҮҮСГЭГЧ БАЙГУУЛЛАГА
Бичлэг үүсгэгч номын сангийн код МУИС-ийн номын сан
084 ## - ББК АНГИЛАЛ
Нэмэлт тусгалт Сурах бичиг
ББК ангилал 88.5я73
Зохиогчийн гурван тэмдэгт Д 881
Мэдлэгийн ялгаа 88 - Сэтгэл судлал
100 0# - ЗОХИОГЧ
Зохиогчийн нэр Дэлгэржав М., Батсайхан Б
245 10 - ҮНДСЭН ГАРЧИГ
Номын нэр Нийгмийн сэтгэл судлал
Бага гарчгийн мэдээ Онол ба практик
Оролцогчдын тухай мэдээ Ред. Б. Даш-Ёндон, Н. Сувдаа
-- Тех. ред. Ц. Цолмонбаатар, О. Цэнгэлбаатар
-- Хэвлэлийн эх бэлт. Г. Лхамжав
-- Хавтс. диз. Ш. Гантуул, Б. Мөнхбаатар
260 ## - ГАРАЛТЫН МЭДЭЭ
Хэвлэгдсэн газар УБ
Хэвлэлийн газар Соёмбо принтинг
Хэвлэгдсэн он 2025
300 ## - МАТЕРИАЛЫН ТОДОРХОЙЛОЛТ
хуудасны тоо 664
500 ## - Тайлбар
Дансны дугаар ЭШФ Т 29123-29125, НХУУТ 81143-81149
505 ## - Агуулгын тэмдэглэгээ
Агуулгын тэмдэглэгээ Энэхүү сурах бичиг нь нийгмийн сэтгэл судлалын шинжлэх ухааны үүсэл, хөгжил, онолын зарим үзэл баримтлал, нийгмийн бүлгийн хөгжлийн онцлог, нийгмийн бие хүний хөгжил, төлөвшил, нийгэмшил, нийгэм сэтгэл зүйн үзэгдлүүд болон тэдгээрт дүн шинжилгээ хийх аргачлалын талаар агуулсан болно. Их, дээд сургуулийн оюутан, магистрант, докторант, судлаачид болон багш, эрдэмтэд, сонирхсон хэн бүхэнд зориулсан болно.
546 ## - ХЭЛНИЙ ТУХАЙ МЭДЭЭ
Хэл Монгол хэл дээр,
653 ## - Түлхүүр үг
Түлхүүр үг сэтгэл судлал
653 ## - Түлхүүр үг
Түлхүүр үг нийгмийн (олон нийтийн сэтгэл) судлал
653 ## - Түлхүүр үг
Түлхүүр үг нийгмийн бие хүний хөгжил
740 ## - НОМЫН ГАРЧИГ
Гарчиг Нийгмийн сэтгэл судлалын туршилтууд
740 ## - НОМЫН ГАРЧИГ
Гарчиг Нийгмийн сэтгэл судлалын судлах зүйл
740 ## - НОМЫН ГАРЧИГ
Гарчиг Үүсэл хөгжил ба нийгэм-сэтгэл зүйн үзэл санааны үүсэл, хөгжил
740 ## - НОМЫН ГАРЧИГ
Гарчиг Нийгмийн сэтгэл судлалын онолын чиг хандлагууд
740 ## - НОМЫН ГАРЧИГ
Гарчиг Нийгмийн сэтгэл судлалын судалгааны арга зүй ба аргууд
740 ## - НОМЫН ГАРЧИГ
Гарчиг Нийгэм-сэтгэл зүйн орчны үндсэн тодорхойлолт
740 ## - НОМЫН ГАРЧИГ
Гарчиг Их бүлгийн онцлог
740 ## - НОМЫН ГАРЧИГ
Гарчиг Бага бүлгийн сэтгэл зүй
740 ## - НОМЫН ГАРЧИГ
Гарчиг Бие хүний социумын нэгдлийн асуудал
740 ## - НОМЫН ГАРЧИГ
Гарчиг Нийгэмшлийн асуудал
740 ## - НОМЫН ГАРЧИГ
Гарчиг Бие хүний нийгмийн зан үйлийг зохицуулах сэтгэл зүйн механизм
740 ## - НОМЫН ГАРЧИГ
Гарчиг Бие хүний нийгэм-сэтгэл зүйн шинжүүд
740 ## - НОМЫН ГАРЧИГ
Гарчиг Бие хүн хоорондын харилцаа
740 ## - НОМЫН ГАРЧИГ
Гарчиг Нөлөөллийн сэтгэл зүй ба нийгэм-сэтгэл зүйн үзэгдлүүд
740 ## - НОМЫН ГАРЧИГ
Гарчиг Олон нийтийн санаа бодол болон мэдээллийн хэрэгслийн нөлөө
740 ## - НОМЫН ГАРЧИГ
Гарчиг Нийгмийн сэтгэл судлалын өнөөгийн байдал ба нэр хүнд
740 ## - НОМЫН ГАРЧИГ
Гарчиг Нийгмийн сэтгэл судлалын хавсарга судалгаа ба хэрэглээний зарим салбар
942 ## - ЭЛЕМЕНТИЙН ТӨРӨЛ
Зүйлийн төрөл Ном